000 003330000a22001450004500
005 20120302063338.0
942 _cBOOK
100 _a KUNTE , BHAGWAN GANESH
245 _a SAKSHIDARACHA PINJARA
260 _aTHANE : SHASHIKALA KUNTE ,1996
300 _a75 P.
040 _aMAR
365 _bRS.45/-
650 _aSANKIRNA / NATAK
999 _c359258
_d359255